000 00607cam a22002293a 4500
001 18627
003 PGUSA
005 20140828083409.0
008 060619s2006||||xxu|||||s|||||000 1 eng d
040 _aPGUSA
_beng
042 _adc
050 4 _aPQ
100 1 _aAicard, Jean,
_d1848-1921
245 1 0 _aNotre-Dame-d'Amour
_h[electronic resource] /
_cJean Aicard
260 _bProject Gutenberg,
_c2006
506 _aPublic domain in the USA.
516 _aElectronic text
653 _aFiction
830 0 _aProject Gutenberg
_v18627
856 4 0 _uhttp://www.gutenberg.org/ebooks/18627
942 _cEB
999 _c247882
_d247882